| 000 | 01133nam a2200313 a 4500 | ||
|---|---|---|---|
| 001 | vtls000195837 | ||
| 003 | NLI | ||
| 005 | 20210602113028.0 | ||
| 008 | 101125s1974 ctu 001 0 eng | ||
| 020 |
_a0300016964 : _cUSD 15.00 |
||
| 039 | 9 |
_y201011252321 _zVLOAD |
|
| 040 | 0 |
_aNLI _beng _cDatasoft 1 _eAACR2 |
|
| 041 | 0 | _aeng | |
| 044 | _actu | ||
| 082 | 0 | 4 | _a324.75 |
| 100 | 1 |
_aKousser, J. Morgan _9219067 |
|
| 245 | 1 | 4 |
_aThe shaping of Southern politics : _bsuffrage restriction and the establishment of the one-party South, 1880-1910 / _cJ. Morgan Kousser |
| 260 |
_aNew Haven, Conn. : _bYale University Press, _c1974 |
||
| 300 |
_axvii, 319 p. ; _c25 cm. |
||
| 440 | 0 |
_aYale historical publications. _pMiscellany ; _v102 _9175896 |
|
| 500 | _aIncludes index | ||
| 650 | 0 |
_aSuffrage _zSouthern States _xHistory _9374421 |
|
| 651 | 0 |
_aSouthern States _xPolitics and government _y1865-1950 _9366859 |
|
| 887 | _a | ||
| 901 |
_a416474 _b28.2.1975 |
||
| 902 | _aE 324.75 K 849 | ||
| 942 |
_2ddc _cBKS |
||
| 999 |
_aVIRTUA40 _c200045 _d200045 |
||
| 999 | _aVTLSSORT0080*0200*0400*0410*0440*0820*1000*2450*2600*3000*4400*5000*6500*6510*9010*9020*9490*9991 | ||